[Event "Preinscritos IRT Online"]
[Site "Chess.com INT"]
[Date "2020.12.26"]
[Round "3"]
[White "Luna Bayas, Elian Josue"]
[Black "Escobar Chalen, Ariana Estefania"]
[Result "0-1"]
[WhiteElo "1515"]
[BlackElo "1848"]
[PlyCount "54"]
[EventDate "2020.12.26"]
[EventType "swiss"]
[EventRounds "11"]
[EventCountry "ECU"]
[SourceTitle "CBM 200 Extra"]
[Source "ChessBase"]
[SourceDate "2021.03.31"]
[SourceVersion "1"]
[SourceVersionDate "2021.03.31"]
[SourceQuality "1"]

1. e4 e5 2. Nf3 Nc6 3. d4 exd4 4. Nxd4 Bb4+ 5. c3 Bc5 6. Be3 Bb6 7. Bc4 d6 8. 0-0 Nf6 9. f4 Nxe4 10. Re1 0-0 11. Bd5 Nxd4 12. cxd4 Nf6 13. Bf3 d5 14. Qd3 c6 15. Nc3 Bg4 16. Be2 Re8 17. Bd2 Bxe2 18. Nxe2 Ne4 19. Rac1 Qh4 20. Ng3 Nxg3 21. hxg3 Qf6 22. Bc3 h6 23. b3 Qd6 24. Kf1 Qd7 25. Qf3 Rxe1+ 26. Rxe1 Re8 27. Re5 f6 0-1

[Event "Preinscritos IRT Online"]
[Site "Chess.com INT"]
[Date "2020.12.26"]
[Round "2"]
[White "Luna Bayas, Elian Josue"]
[Black "Mariduena Villa, Jerson Emanuel"]
[Result "1-0"]
[WhiteElo "1515"]
[BlackElo "860"]
[PlyCount "81"]
[EventDate "2020.12.26"]
[EventType "swiss"]
[EventRounds "11"]
[EventCountry "ECU"]
[SourceTitle "CBM 200 Extra"]
[Source "ChessBase"]
[SourceDate "2021.03.31"]
[SourceVersion "1"]
[SourceVersionDate "2021.03.31"]
[SourceQuality "1"]

1. e4 e5 2. Nf3 Nc6 3. d4 exd4 4. Nxd4 Nxd4 5. Qxd4 Nf6 6. e5 Ng8 7. Bc4 b6 8. 0-0 Bc5 9. Qd3 Ne7 10. Nc3 0-0 11. Bf4 Bb7 12. Rad1 d5 13. Bb3 Ng6 14. Bg3 Ne7 15. Rfe1 g6 16. e6 f6 17. Ne2 c6 18. Nf4 Kg7 19. c3 Rh8 20. Bc2 a5 21. Qf3 Qc7 22. Nh5+ gxh5 23. Bxc7 Rhe8 24. Qg3+ Ng6 25. Bxg6 hxg6 26. e7 Rxe7 27. Rxe7+ Bxe7 28. Bd6 Re8 29. Re1 Kf7 30. Rxe7+ Rxe7 31. Bxe7 Kxe7 32. Qc7+ Ke6 33. Qxb7 Ke5 34. Qxc6 Ke4 35. Qxf6 d4 36. Qxd4+ Kf5 37. h3 g5 38. g4+ hxg4 39. hxg4+ Kg6 40. f4 gxf4 41. Qxf4 1-0